000 00574nam a2200205Ia 4500
005 20250923145407.0
008 008 250917s9999 xx 000 0 eng d
037 _aTextual
040 _aDSWL
_beng
_cDSWL
041 _aeng
_2eng
084 _aV2,4'N5, N57
_qDSWL
100 _aWeiner, M.
_9834832
245 0 _aParty politics in India
_c by M. Weiner
260 _aPrenceton
_bPrenceton University Press
_c1957
300 _axii,319 p.
365 _aUSD
_b6 . 0
925 _g6 . 0
942 _cTEXL
_hV2,4'N5, N57
999 _c1450824
_d1450824